[Event "Bamberg op 4th"]
[Site "Bamberg"]
[Date "2022.07.28"]
[Round "3"]
[White "Delitzsch, Juergen"]
[Black "Colpe, Malte"]
[Result "0-1"]
[WhiteElo "2172"]
[BlackElo "2369"]
[PlyCount "123"]
[EventDate "2022.07.27"]
[EventType "swiss"]
[EventRounds "9"]
[EventCountry "GER"]
[SourceTitle "EXT 2023"]
[Source "ChessBase"]
[SourceDate "2022.10.05"]
[SourceVersion "1"]
[SourceVersionDate "2022.10.05"]
[SourceQuality "1"]

1. e4 c5 2. Nf3 d6 3. Bb5+ Bd7 4. Bxd7+ Qxd7 5. 0-0 Nc6 6. c4 e5 7. Nc3 g6 8. d3 Bg7 9. Nd5 Nge7 10. Bg5 Nxd5 11. cxd5 Nb4 12. a3 Na6 13. Nd2 0-0 14. a4 f5 15. f3 h6 16. Bh4 g5 17. Bf2 f4 18. Nc4 h5 19. h3 Rf6 20. Be1 Rg6 21. b3 Bf6 22. Ra2 Kh7 23. Kf2 Rag8 24. Rh1 R8g7 25. Kf1 Kg8 26. Rc2 g4 27. hxg4 hxg4 28. fxg4 Rxg4 29. Qf3 Nc7 30. Rh6 Ne8 31. Qh3 Kf7 32. Rh8 Ke7 33. Qh5 R4g5 34. Rxe8+ Qxe8 35. Qxe8+ Kxe8 36. Nxd6+ Kd8 37. Nf5 Rh7 38. Bf2 Rh1+ 39. Bg1 b6 40. a5 bxa5 41. g3 Rh3 42. Rxc5 Rhxg3 43. Nxg3 Rxg3 44. Rxa5 Rxd3 45. b4 Rd1+ 46. Kg2 f3+ 47. Kh2 Rd2+ 48. Kg3 Rg2+ 49. Kxf3 Rxg1 50. Rxa7 Rf1+ 51. Ke2 Rh1 52. Ra6 Bg5 53. Rb6 Rh3 54. Rg6 Bf4 55. Rg8+ Ke7 56. Rg7+ Kf6 57. Rb7 Re3+ 58. Kf2 Rxe4 59. Rb6+ Ke7 60. b5 Be3+ 61. Kf3 Bxb6 62. Kxe4 0-1

[Event "Bayern-ch 92th"]
[Site "Lichtenfels"]
[Date "2021.08.28"]
[Round "9"]
[White "Hoeller, Armin"]
[Black "Delitzsch, Juergen"]
[Result "1-0"]
[WhiteElo "1994"]
[BlackElo "2110"]
[PlyCount "79"]
[EventDate "2021.08.22"]
[EventType "swiss"]
[EventRounds "9"]
[EventCountry "GER"]
[SourceTitle "EXT 2023"]
[Source "ChessBase"]
[SourceDate "2022.10.05"]
[SourceVersion "1"]
[SourceVersionDate "2022.10.05"]
[SourceQuality "1"]

1. c4 g6 2. g3 Bg7 3. Bg2 e5 4. d3 d6 5. Nc3 Nc6 6. e3 Nge7 7. Nge2 Bf5 8. a3 a5 9. h3 h5 10. 0-0 Qd7 11. Kh2 0-0 12. f4 Be6 13. e4 f5 14. Nd5 Bf7 15. Rb1 Nxd5 16. cxd5 Ne7 17. fxe5 dxe5 18. Bg5 Nc8 19. Rc1 Nd6 20. Rc5 Be8 21. h4 Rf7 22. Qd2 Qa4 23. Rfc1 fxe4 24. Nc3 Qd4 25. Nxe4 Nxe4 26. dxe4 c6 27. Rxa5 Rxa5 28. Qxa5 Qxb2 29. Qd8 Rf8 30. d6 Bf6 31. Bxf6 Qxc1 32. Be7 Rf2 33. Qxe8+ Kh7 34. Bg5 Rxg2+ 35. Kxg2 Qc2+ 36. Kh3 Qf2 37. Qe7+ Kg8 38. Qf6 Qe1 39. Qxg6+ Kf8 40. Be7# 1-0

[Event "Bamberg op-A 3rd"]
[Site "Bamberg"]
[Date "2021.07.29"]
[Round "2"]
[White "Koepke, Christian"]
[Black "Delitzsch, Juergen"]
[Result "1-0"]
[WhiteElo "2340"]
[BlackElo "2110"]
[PlyCount "90"]
[EventDate "2021.07.28"]
[EventType "swiss"]
[EventRounds "7"]
[EventCountry "GER"]
[SourceTitle "EXT 2022"]
[Source "ChessBase"]
[SourceDate "2021.10.06"]
[SourceVersion "1"]
[SourceVersionDate "2021.10.06"]
[SourceQuality "1"]

1. d4 Nf6 2. Bg5 g6 3. Bxf6 exf6 4. e3 f5 5. g3 d6 6. Bg2 Nd7 7. Ne2 Nf6 8. c4 c6 9. Nbc3 h5 10. h4 Bh6 11. Nf4 0-0 12. 0-0 Re8 13. Qd3 Bd7 14. b4 Rc8 15. a4 Qe7 16. b5 Ne4 17. bxc6 bxc6 18. Rab1 Rc7 19. Rb2 Bc8 20. Rfb1 Ba6 21. Rb8 Bxf4 22. Bxe4 Bh6 23. Bxc6 Rxb8 24. Rxb8+ Rc8 25. Nd5 Qd8 26. Rxc8 Bxc8 27. Qb3 Be6 28. Qb7 Qa5 29. Qb8+ Kh7 30. Qxd6 Qe1+ 31. Kg2 f4 32. Nf6+ Kg7 33. Ne8+ Kh7 34. Nf6+ Kg7 35. Ne8+ Kh7 36. gxf4 Bxc4 37. Nf6+ Kg7 38. Ne4 Bf1+ 39. Kh2 f5 40. Qe5+ Kg8 41. Nf6+ Kf8 42. Nd7+ Kg8 43. Bd5+ Kh7 44. Nf6+ Kh8 45. Qe8+ Kg7 1-0

[Event "Ceske Budejovice op-A"]
[Site "Ceske Budejovice"]
[Date "2020.07.08"]
[Round "8"]
[White "Delitzsch, Juergen"]
[Black "Soucek, Jan"]
[Result "1-0"]
[WhiteElo "2141"]
[BlackElo "1751"]
[PlyCount "49"]
[EventDate "2020.07.01"]
[EventType "swiss"]
[EventRounds "9"]
[EventCountry "CZE"]
[SourceTitle "CBM 197 Extra"]
[Source "ChessBase"]
[SourceDate "2020.09.30"]
[SourceVersion "1"]
[SourceVersionDate "2020.09.30"]
[SourceQuality "1"]

1. c4 Nf6 2. Nc3 e6 3. Nf3 c6 4. e4 d5 5. e5 Ne4 6. Qc2 Ng5 7. Nxg5 Qxg5 8. d4 Qh4 9. Be3 Nd7 10. cxd5 exd5 11. g3 Qd8 12. Bd3 Nxe5 13. dxe5 d4 14. Bd2 dxc3 15. Bxc3 Be6 16. 0-0-0 Qb6 17. Bf5 Bb4 18. Bxe6 fxe6 19. Qb3 Be7 20. Qxe6 c5 21. Rd6 Qb5 22. Rhd1 Kf8 23. Qf5+ Kg8 24. Rd7 Re8 25. e6 1-0

[Event "Ceske Budejovice op-A"]
[Site "Ceske Budejovice"]
[Date "2020.07.07"]
[Round "7"]
[White "Janous, Marek"]
[Black "Delitzsch, Juergen"]
[Result "1/2-1/2"]
[WhiteElo "1903"]
[BlackElo "2141"]
[PlyCount "100"]
[EventDate "2020.07.01"]
[EventType "swiss"]
[EventRounds "9"]
[EventCountry "CZE"]
[SourceTitle "CBM 197 Extra"]
[Source "ChessBase"]
[SourceDate "2020.09.30"]
[SourceVersion "1"]
[SourceVersionDate "2020.09.30"]
[SourceQuality "1"]

1. e4 g6 2. d4 c6 3. c4 Bg7 4. Nc3 d6 5. Be3 Nf6 6. Nf3 0-0 7. Be2 Nbd7 8. 0-0 Re8 9. a3 e5 10. d5 c5 11. Nd2 Rf8 12. b4 Ne8 13. Nb3 b6 14. Qd2 f5 15. Bg5 Bf6 16. Bh6 Rf7 17. exf5 gxf5 18. Bh5 Re7 19. bxc5 Nxc5 20. Nxc5 bxc5 21. Bg5 Rg7 22. Bh6 Re7 23. Bg5 Bd7 24. Rab1 Bxg5 25. Qxg5+ Rg7 26. Qxd8 Rxd8 27. Rb7 Nf6 28. Be2 a6 29. Rfb1 e4 30. Rb8 Bc8 31. Ra8 Nd7 32. Na4 Kf8 33. Nb6 Nxb6 34. Rxb6 Rgd7 35. Rbb8 Rc7 36. Rxa6 Bxa6 37. Rxd8+ Ke7 38. Ra8 Bb7 39. Ra7 Kd8 40. f3 Re7 41. fxe4 Kc7 42. Ra5 Rxe4 43. Kf2 Rh4 44. h3 Rd4 45. Kf3 h6 46. Ke3 f4+ 47. Kf3 Bc8 48. Ra7+ Bb7 49. Ra5 Bc8 50. Ra7+ Bb7 1/2-1/2

[Event "Oberliga Bayern 1920"]
[Site "Bayern"]
[Date "2020.03.01"]
[Round "7.3"]
[White "Schmitz, Thorsten"]
[Black "Delitzsch, Juergen"]
[Result "1-0"]
[WhiteElo "2266"]
[BlackElo "2133"]
[PlyCount "117"]
[EventDate "2019.10.20"]
[EventType "team-tourn"]
[EventRounds "9"]
[EventCountry "GER"]
[SourceTitle "EXT 2021"]
[Source "ChessBase"]
[SourceDate "2020.10.23"]
[SourceVersion "1"]
[SourceVersionDate "2020.10.23"]
[SourceQuality "1"]
[WhiteTeam "Garching II"]
[BlackTeam "Bindlach Aktionaer"]
[WhiteTeamCountry "GER"]
[BlackTeamCountry "GER"]

1. e4 c5 2. a3 g6 3. Bc4 Bg7 4. Nc3 Nc6 5. d3 d6 6. Nge2 e6 7. h4 h5 8. Bg5 Nge7 9. 0-0 0-0 10. Qd2 Kh7 11. Ba2 Qd7 12. Be3 Nd4 13. Nf4 Nec6 14. f3 Qe7 15. g3 Bd7 16. Rae1 Rac8 17. Nd1 Ne5 18. Qg2 Ba4 19. Bb1 b6 20. c3 Ndc6 21. Nf2 Bb5 22. N2h3 Kg8 23. Rf2 Bf6 24. Ng5 Kg7 25. Rd2 Na5 26. Ba2 Bd7 27. b3 Nec6 28. d4 cxd4 29. cxd4 Nb8 30. Nd3 e5 31. dxe5 dxe5 32. Nb4 Bc6 33. Red1 Bb7 34. Qe2 Rc3 35. Rd3 Rfc8 36. Rxc3 Rxc3 37. Rd3 Rc8 38. Qd2 Rc7 39. Nd5 Bxd5 40. exd5 Qd7 41. Ne4 Qh3 42. Bh6+ Kh8 43. Nxf6 Qxg3+ 44. Kf1 Qxh4 45. Bg7+ Kxg7 46. Ne8+ Kh7 47. Nxc7 Qh1+ 48. Ke2 Nd7 49. b4 Nb7 50. Qe1 Qh2+ 51. Qf2 Qf4 52. Ne8 e4 53. fxe4 Qxe4+ 54. Re3 Qc2+ 55. Kf1 Qd1+ 56. Kg2 Qg4+ 57. Kh2 Kg8 58. d6 Nd8 59. Re7 1-0

[Event "Bayern-chI Bank Hofmann 23rd"]
[Site "Tegernsee"]
[Date "2019.10.27"]
[Round "2"]
[White "Delitzsch, Juergen"]
[Black "Hoffmann, Michael"]
[Result "1/2-1/2"]
[WhiteElo "2197"]
[BlackElo "2445"]
[PlyCount "37"]
[EventDate "2019.10.26"]
[EventType "swiss"]
[EventRounds "9"]
[EventCountry "GER"]
[SourceTitle "CBM 192 Extra"]
[Source "Chessbase"]
[SourceDate "2019.11.06"]
[SourceVersion "1"]
[SourceVersionDate "2019.11.06"]
[SourceQuality "1"]

1. Nf3 Nf6 2. c4 e6 3. Nc3 d5 4. d4 c6 5. e3 Nbd7 6. Qc2 b6 7. Be2 Bb7 8. 0-0 Be7 9. Rd1 0-0 10. b3 Qc7 11. Bb2 Rad8 12. Rac1 Qb8 13. cxd5 cxd5 14. Qb1 a6 15. Bd3 h6 16. Na4 Bd6 17. h3 Rc8 18. Qa1 Rxc1 19. Rxc1 1/2-1/2

[Event "Bamberg op 2nd"]
[Site "Bamberg"]
[Date "2019.05.29"]
[Round "1"]
[White "Wolf, Pablo"]
[Black "Delitzsch, Juergen"]
[Result "0-1"]
[WhiteElo "1976"]
[BlackElo "2175"]
[PlyCount "64"]
[EventDate "2019.05.29"]
[EventType "swiss"]
[EventRounds "7"]
[EventCountry "GER"]
[SourceTitle "CBM 190 Extra"]
[Source "ChessBase"]
[SourceDate "2019.07.15"]
[SourceVersion "1"]
[SourceVersionDate "2019.07.15"]
[SourceQuality "1"]

1. e4 c5 2. Nc3 Nc6 3. g3 g6 4. Bg2 Bg7 5. d3 d6 6. Be3 Rb8 7. Qd2 b5 8. f4 Nd4 9. Nd1 Qb6 10. c3 Nc6 11. Nf3 Nf6 12. h3 b4 13. 0-0 bxc3 14. bxc3 0-0 15. Nf2 Qa5 16. Rab1 Rxb1 17. Rxb1 Nh5 18. g4 Bxc3 19. Qc2 Ng7 20. Rc1 Bb4 21. d4 cxd4 22. Bxd4 Nxd4 23. Nxd4 Bd7 24. Nb3 Qb6 25. Qc7 Rd8 26. Qc2 Ne6 27. f5 Nf4 28. Qd1 Qe3 29. Rc2 Rc8 30. Rxc8+ Bxc8 31. Qf3 Qe1+ 32. Bf1 Ba6 0-1

[Event "Bayern-chI Bank Hofmann 22nd"]
[Site "Tegernsee"]
[Date "2018.10.30"]
[Round "4"]
[White "Delitzsch, Juergen"]
[Black "Wuest, Klaus"]
[Result "1/2-1/2"]
[WhiteElo "2178"]
[BlackElo "2006"]
[PlyCount "96"]
[EventDate "2018.10.27"]
[EventType "swiss"]
[EventRounds "9"]
[EventCountry "GER"]
[SourceTitle "CBM 187 Extra"]
[Source "ChessBase"]
[SourceDate "2018.11.04"]
[SourceVersion "1"]
[SourceVersionDate "2018.11.04"]
[SourceQuality "1"]

1. d4 Nf6 2. Nf3 g6 3. c4 Bg7 4. g3 0-0 5. Bg2 d5 6. cxd5 Nxd5 7. 0-0 Nc6 8. e4 Nb6 9. d5 Ne5 10. Nxe5 Bxe5 11. Nc3 e6 12. Bh6 Re8 13. Qb3 exd5 14. exd5 Bd7 15. Rad1 a5 16. h4 a4 17. Qc2 Bf5 18. Be4 Bxe4 19. Nxe4 Nxd5 20. Bg5 Qd7 21. Qd2 c6 22. Rfe1 Qc7 23. Qc1 Qb6 24. Re2 Bg7 25. Rde1 Qb4 26. h5 f5 27. a3 Qf8 28. Nc5 Rxe2 29. Rxe2 Qf7 30. h6 Bf6 31. Bxf6 Nxf6 32. Qc3 Re8 33. Rxe8+ Nxe8 34. Qe5 b5 35. Qb8 Qe7 36. Qc8 Qxc5 37. Qxe8+ Qf8 38. Qe6+ Kh8 39. Qxc6 Qxh6 40. Qxb5 Qc1+ 41. Kg2 Qc2 42. Qb8+ Kg7 43. Qe5+ Kf7 44. Kg1 Qc1+ 45. Kh2 Qc2 46. Qd4 Kg8 47. Kg1 Qc1+ 48. Kg2 Qc2 1/2-1/2

[Event "Landesliga Nord 1718"]
[Site "Bayern"]
[Date "2018.03.18"]
[Round "8.1"]
[White "Delitzsch, Juergen"]
[Black "Kilgus, Georg"]
[Result "0-1"]
[WhiteElo "2167"]
[BlackElo "2375"]
[PlyCount "88"]
[EventDate "2017.10.22"]
[EventType "team-tourn"]
[EventRounds "9"]
[EventCountry "GER"]
[SourceTitle "EXT 2022"]
[Source "ChessBase"]
[SourceDate "2021.10.06"]
[SourceVersion "1"]
[SourceVersionDate "2021.10.06"]
[SourceQuality "1"]
[WhiteTeam "Bindlach Aktionaer II"]
[BlackTeam "Regensburg Bavaria"]
[WhiteTeamCountry "GER"]
[BlackTeamCountry "GER"]

1. d4 d5 2. c4 e6 3. Nc3 Nf6 4. cxd5 Nxd5 5. e4 Nxc3 6. bxc3 c5 7. Nf3 cxd4 8. cxd4 Bb4+ 9. Bd2 Bxd2+ 10. Qxd2 0-0 11. Bc4 Nc6 12. 0-0 b6 13. Rac1 Bb7 14. Rfd1 Na5 15. Bd3 Qd6 16. Bb1 Rac8 17. Qd3 Qf4 18. Rxc8 Rxc8 19. d5 exd5 20. exd5 g6 21. g3 Qc4 22. Qe3 Bxd5 23. Ne5 Qc5 24. Qg5 Be6 25. Qf6 Nc6 26. Nxc6 Qxc6 27. h4 Bd5 28. Qf4 Bh1 29. Kf1 Re8 30. f3 Bxf3 31. Rc1 Qb5+ 32. Kg1 Bb7 33. Qd4 Qe2 34. Qf2 Qe5 35. Rf1 Re7 36. Kh2 Qb5 37. Re1 Rxe1 38. Qxe1 Qb2+ 39. Kh3 Qg2+ 40. Kg4 Qf3+ 41. Kh3 h5 42. Qe8+ Kg7 43. Qd7 Kh7 44. Bxg6+ Kxg6 0-1

[Event "Landesliga Nord 1617"]
[Site "Bayern"]
[Date "2017.02.05"]
[Round "5.1"]
[White "Delitzsch, Juergen"]
[Black "Yalcin, Alparslan"]
[Result "1-0"]
[WhiteElo "2190"]
[BlackElo "2103"]
[PlyCount "51"]
[EventDate "2016.10.16"]
[EventType "team-tourn"]
[EventRounds "9"]
[EventCountry "GER"]
[SourceTitle "EXT 2019"]
[Source "ChessBase"]
[SourceDate "2018.10.10"]
[SourceVersion "1"]
[SourceVersionDate "2018.10.10"]
[SourceQuality "1"]
[WhiteTeam "Bindlach Aktionaer II"]
[BlackTeam "Kitzingen"]
[WhiteTeamCountry "GER"]
[BlackTeamCountry "GER"]

1. d4 Nf6 2. c4 c6 3. Nc3 d5 4. Nf3 dxc4 5. a4 Bf5 6. e3 e6 7. Bxc4 Bb4 8. 0-0 0-0 9. Qe2 Nbd7 10. Rd1 Qa5 11. Bd2 Bg6 12. e4 Bxc3 13. Bxc3 Qh5 14. Bd3 Rfe8 15. Re1 Rad8 16. b4 e5 17. dxe5 Ng4 18. h3 Ngxe5 19. Nxe5 Nxe5 20. Bc2 Qh4 21. Rad1 Bh5 22. Rxd8 Rxd8 23. Qe3 Nf3+ 24. gxf3 Qxh3 25. Qg5 Rd6 26. Qxg7# 1-0

[Event "Landesliga Nord 1617"]
[Site "Bayern"]
[Date "2017.01.15"]
[Round "4.1"]
[White "Delitzsch, Juergen"]
[Black "Lorenz, Mark"]
[Result "1/2-1/2"]
[WhiteElo "2190"]
[BlackElo "2097"]
[PlyCount "51"]
[EventDate "2016.10.16"]
[EventType "team-tourn"]
[EventRounds "9"]
[EventCountry "GER"]
[SourceTitle "EXT 2019"]
[Source "ChessBase"]
[SourceDate "2018.10.10"]
[SourceVersion "1"]
[SourceVersionDate "2018.10.10"]
[SourceQuality "1"]
[WhiteTeam "Bindlach Aktionaer II"]
[BlackTeam "Marktleuthen"]
[WhiteTeamCountry "GER"]
[BlackTeamCountry "GER"]

1. d4 Nf6 2. Nf3 e6 3. Bg5 c5 4. e3 cxd4 5. exd4 b6 6. Bd3 Bb7 7. 0-0 Be7 8. Nbd2 d6 9. Re1 Nbd7 10. c4 a6 11. Nf1 0-0 12. Ng3 Re8 13. Rc1 b5 14. b3 Qa5 15. Bb1 bxc4 16. Bd2 Bxf3 17. gxf3 c3 18. Rxc3 Qb6 19. Rd3 Nd5 20. Ne4 Rac8 21. f4 f5 22. Ng5 Bxg5 23. fxg5 Nf8 24. Qf3 Qb5 25. h4 Nb4 26. Rc3 1/2-1/2

[Event "Landesliga Nord 1617"]
[Site "Bayern"]
[Date "2016.12.04"]
[Round "3.1"]
[White "Pribyl, Josef"]
[Black "Delitzsch, Juergen"]
[Result "1-0"]
[WhiteElo "2239"]
[BlackElo "2190"]
[PlyCount "153"]
[EventDate "2016.10.16"]
[EventType "team-tourn"]
[EventRounds "9"]
[EventCountry "GER"]
[SourceTitle "EXT 2019"]
[Source "ChessBase"]
[SourceDate "2018.10.10"]
[SourceVersion "1"]
[SourceVersionDate "2018.10.10"]
[SourceQuality "1"]
[WhiteTeam "Bamberg SC"]
[BlackTeam "Bindlach Aktionaer II"]
[WhiteTeamCountry "GER"]
[BlackTeamCountry "GER"]

1. d4 g6 2. e4 Bg7 3. Nc3 d6 4. f4 Nc6 5. Be3 Nf6 6. Nf3 0-0 7. Qd2 Bg4 8. Be2 Bxf3 9. gxf3 e5 10. d5 Nd4 11. fxe5 dxe5 12. 0-0-0 Nh5 13. Rdf1 c6 14. dxc6 bxc6 15. Bc4 Qe7 16. Ne2 Qc5 17. Qd3 Rfd8 18. c3 Nxe2+ 19. Qxe2 Qa5 20. Rd1 Nf4 21. Qc2 Rab8 22. Rxd8+ Rxd8 23. Rd1 Bf6 24. Rxd8+ Bxd8 25. Qd2 Qc7 26. b4 Be7 27. Kc2 Kf8 28. a4 a5 29. Kb3 Qb7 30. Bxf4 exf4 31. b5 cxb5 32. axb5 a4+ 33. Kxa4 Qa7+ 34. Kb3 Qa3+ 35. Kc2 Qa4+ 36. Kd3 Bc5 37. Qc2 Qa1 38. Ba2 Qf1+ 39. Qe2 Qc1 40. Kc4 Qa3 41. Kd3 Bb6 42. Bd5 Qc5 43. Kc2 Qg1 44. Kb2 Be3 45. Ka2 Qc1 46. Kb3 Bc5 47. Qd3 Qa3+ 48. Kc2 Be3 49. Qf1 h5 50. Qb1 Bb6 51. Qa2 Qe7 52. Qa8+ Kg7 53. Qb7 Qxb7 54. Bxb7 g5 55. h3 Kf6 56. Bd5 Ke7 57. Kd3 f6 58. Kc4 Bf2 59. Bb7 Kd6 60. Bc8 Bb6 61. Bf5 Bg1 62. Bg6 h4 63. Bf5 Bf2 64. Bh7 Be3 65. Bg8 Bf2 66. Kb4 Be1 67. Bc4 Kc7 68. Bd3 Kb6 69. Kc4 Bd2 70. Kd4 Bc1 71. e5 fxe5+ 72. Kxe5 Bb2 73. Kf5 Bxc3 74. Kxg5 Be5 75. Kxh4 Kc5 76. Kg5 Kd6 77. Kg6 1-0

[Event "Wunsiedel op 9th"]
[Site "Wunsiedel"]
[Date "2015.05.15"]
[Round "4"]
[White "Spiegel, Stefan"]
[Black "Delitzsch, Juergen"]
[Result "1/2-1/2"]
[WhiteElo "2151"]
[BlackElo "2266"]
[PlyCount "155"]
[EventDate "2015.05.14"]
[EventType "swiss"]
[EventRounds "7"]
[EventCountry "GER"]
[SourceTitle "CBM 166 Extra"]
[Source "ChessBase"]
[SourceDate "2015.06.18"]
[SourceVersion "1"]
[SourceVersionDate "2015.06.18"]
[SourceQuality "1"]

1. e4 c5 2. Nc3 g6 3. f4 Bg7 4. Nf3 d6 5. Bb5+ Bd7 6. Bxd7+ Qxd7 7. d3 Nc6 8. 0-0 e6 9. f5 Nf6 10. fxe6 fxe6 11. e5 dxe5 12. Ng5 0-0 13. Be3 b6 14. Nce4 Nd5 15. Rxf8+ Rxf8 16. Qd2 Nd4 17. Bf2 Bh6 18. c3 Nf5 19. g3 Qe7 20. Re1 Nf6 21. Qe2 Nxe4 22. Nxe4 Qd7 23. Rd1 Bg7 24. Be3 h6 25. Bc1 Kh7 26. Nf2 Qd5 27. b3 Ne7 28. Re1 Qc6 29. Bb2 Rf5 30. Qe4 Qd7 31. Ng4 h5 32. Ne3 Rf8 33. Nc4 Nc6 34. Ne3 Bh6 35. Kg2 Bxe3 36. Rxe3 Qd5 37. Rf3 Rf5 38. Bc1 Kg7 39. Kf2 Rxf3+ 40. Kxf3 Nd8 41. Ke2 Nf7 42. Be3 Nd6 43. Qa4 Qg2+ 44. Bf2 Qb7 45. h4 a5 46. Kf1 Kf7 47. Kg1 Nf5 48. Qb5 Nd6 49. Qa4 Qc7 50. b4 axb4 51. cxb4 e4 52. bxc5 bxc5 53. dxe4 c4 54. Qc2 e5 55. Qd1 c3 56. Qd5+ Kf6 57. Be3 Nf7 58. Kh2 c2 59. Bc1 Qb6 60. Qd2 Qc6 61. Qe3 Kg7 62. a3 Kg8 63. Qf3 Qc4 64. g4 hxg4 65. Qxg4 Kh7 66. h5 gxh5 67. Qxh5+ Kg7 68. Qg4+ Kf8 69. Kg2 Ke7 70. Qf3 Ke8 71. Kf2 Qd4+ 72. Ke1 Nd6 73. a4 Qxe4+ 74. Qxe4 Nxe4 75. Ke2 Nc3+ 76. Kd3 Nxa4 77. Kxc2 Nc5 78. Ba3 1/2-1/2

[Event "Landesliga Nord 1415"]
[Site "Bayern"]
[Date "2015.03.15"]
[Round "8.1"]
[White "Golda, Harald"]
[Black "Delitzsch, Juergen"]
[Result "1/2-1/2"]
[WhiteElo "2221"]
[BlackElo "2190"]
[PlyCount "113"]
[EventDate "2014.10.19"]
[EventType "team-tourn"]
[EventRounds "9"]
[EventCountry "GER"]
[SourceTitle "EXT 2018"]
[Source "ChessBase"]
[SourceDate "2017.10.13"]
[SourceVersion "1"]
[SourceVersionDate "2017.10.13"]
[SourceQuality "1"]
[WhiteTeam "Schweinfurt"]
[BlackTeam "Bindlach Aktionaer II"]
[WhiteTeamCountry "GER"]
[BlackTeamCountry "GER"]

1. d4 Nf6 2. Nf3 g6 3. c4 Bg7 4. Nc3 0-0 5. g3 d6 6. Bg2 Nbd7 7. 0-0 e5 8. e4 c6 9. h3 Qb6 10. b3 exd4 11. Na4 Qa5 12. Nxd4 Re8 13. Re1 Nf8 14. Bf4 Rd8 15. Rb1 Nh5 16. Be3 Ne6 17. Nf5 Be5 18. Ne7+ Kh8 19. Nxc8 Raxc8 20. Qd2 Qxd2 21. Bxd2 Bd4 22. Kf1 b5 23. Nc3 a6 24. Ne2 Bg7 25. Red1 Re8 26. Ba5 Nc5 27. f3 Be5 28. Be1 bxc4 29. bxc4 f5 30. exf5 gxf5 31. f4 Bg7 32. g4 fxg4 33. hxg4 Nxf4 34. Nxf4 Rf8 35. Bg3 Be5 36. Kg1 Bxf4 37. Bxf4 Rxf4 38. Rxd6 Rxg4 39. Kh2 Rxc4 40. Rb2 Ne4 41. Re6 Ng5 42. Re5 Rg8 43. Rb3 Rh4+ 44. Kg3 Ra4 45. Bxc6 Nf7+ 46. Kh3 Rxa2 47. Re8 Rxe8 48. Bxe8 Nd6 49. Bc6 Kg7 50. Rd3 Nf5 51. Rd7+ Kg6 52. Be4 Ra4 53. Bc2 Rh4+ 54. Kg2 Kf6 55. Ra7 Rf4 56. Rxa6+ Kg5 57. Ra5 1/2-1/2